The prophet's handbook : (Record no. 7865)

MARC details
000 -LEADER
fixed length control field 02086cam a22003254a 4500
001 - CONTROL NUMBER
control field 14992176
003 - CONTROL NUMBER IDENTIFIER
control field GBCCL
005 - DATE AND TIME OF LATEST TRANSACTION
control field 20241126110638.0
008 - FIXED-LENGTH DATA ELEMENTS--GENERAL INFORMATION
fixed length control field 070904s2008 pau b 000 0 eng
010 ## -
-- 2007036413
020 ## - INTERNATIONAL STANDARD BOOK NUMBER
International Standard Book Number 9781603740197 (pbk. : alk. paper)
040 ## - CATALOGING SOURCE
Original cataloging agency DLC
Transcribing agency DLC
Modifying agency DLC
050 10 -
-- BR115.P8
-- P65 2008
082 00 - DEWEY DECIMAL CLASSIFICATION NUMBER
Classification number 234.13
Edition information 22
Item number PRI
100 1# - MAIN ENTRY--PERSONAL NAME
Personal name Price, Paula A.
9 (RLIN) 13707
245 14 - TITLE STATEMENT
Title The prophet's handbook :
Remainder of title a guide to prophecy and its operation /
Statement of responsibility, etc. Paula A. Price.
260 ## - PUBLICATION, DISTRIBUTION, ETC.
Place of publication, distribution, etc. New Kensington PA :
Name of publisher, distributor, etc. Whitaker House,
Date of publication, distribution, etc. c2008.
300 ## - PHYSICAL DESCRIPTION
Extent 398 p. ;
Dimensions 23 cm.
504 ## - BIBLIOGRAPHY, ETC. NOTE
Bibliography, etc. note Includes bibliographical references.
505 0# - FORMATTED CONTENTS NOTE
Formatted contents note Part I: The church prophet's role in the world today -- Overview -- Church prophet importance -- A history of the prophetic -- Resident prophet ministry origin -- The prophetics agency status -- The church prophets role -- The church prophet -- Your church prophet -- Prophecy class 101 -- Prophetic job description -- Part II: Guidelines for establishing a prophetic company -- Getting started -- What is expected from God's prophets -- The prophets essentials -- Divisions of prophetic authority -- The prophets personality and makeup -- Preparing the prophet to serve -- False prophecy -- Characteristics of the prophet and his office -- The prophetic company.
520 ## - SUMMARY, ETC.
Summary, etc. "Shows the place and role of prophets in the church today and explains how to establish a prophetic company"--Provided by publisher.
650 #0 - SUBJECT ADDED ENTRY--TOPICAL TERM
Topical term or geographic name entry element Prophecy
General subdivision Christianity.
9 (RLIN) 5591
650 #0 - SUBJECT ADDED ENTRY--TOPICAL TERM
Topical term or geographic name entry element Prophecy
General subdivision Christianity
-- History of doctrines
Chronological subdivision 21st century.
9 (RLIN) 13708
650 #0 - SUBJECT ADDED ENTRY--TOPICAL TERM
Topical term or geographic name entry element Prophets
General subdivision Calling of.
9 (RLIN) 13709
650 #0 - SUBJECT ADDED ENTRY--TOPICAL TERM
Topical term or geographic name entry element Pastoral theology.
9 (RLIN) 414
856 41 - ELECTRONIC LOCATION AND ACCESS
Materials specified Table of contents only
Uniform Resource Identifier <a href="http://www.loc.gov/catdir/toc/ecip0726/2007036413.html">http://www.loc.gov/catdir/toc/ecip0726/2007036413.html</a>
906 ## - LOCAL DATA ELEMENT F, LDF (RLIN)
a 7
b cbc
c orignew
d 1
e ecip
f 20
g y-gencatlg
942 ## - ADDED ENTRY ELEMENTS (KOHA)
Source of classification or shelving scheme Dewey Decimal Classification
Koha item type Books
Koha issues (borrowed), all copies 1
Holdings
Withdrawn status Lost status Source of classification or shelving scheme Damaged status Not for loan Home library Current Library Shelving location Date acquired Source of acquisition Cost, normal purchase price Total checkouts Full call number Barcode Date last seen Date last checked out Copy number Cost, replacement price Price effective from Koha item type
    Dewey Decimal Classification     GRACE BIBLE COLLEGE GRACE BIBLE COLLEGE Theology 2018-10-11 6 1020.00 1 234.13 PRI 014881 2025-05-01 2023-09-07 c.1 1200.00 2018-10-11 Books
© Grace Bible College Library 2025